The Ethos of Pluralization /

Zapisane w:
Opis bibliograficzny
1. autor: Connolly, William E. (autor)
Format: Książka
Język:angielski
Wydane: Minneápolis, EUA : University of Minnesota, 1996, c1995
Seria:(Borderlines ; 1)
Hasła przedmiotowe:
Etykiety: Dodaj etykietę
Nie ma etykietki, Dołącz pierwszą etykiete!

MARC

LEADER 00000nam^a2200000^a^4500
001 000139703
005 20250521000000.0
009 20260310095515.154
020 |a 0-8166-2669-3 
037 |a Acervo ITESO - Biblioteca 
041 |a ING 
082 |a 322.  |b CON 
100 |a Connolly, William E.  |e (autor) 
245 1 4 |a The Ethos of Pluralization /  |c W.E. Connolly. 
264 4 |a Minneápolis, EUA :  |b University of Minnesota,  |c 1996, c1995 
300 |a XXX, 243 p. 
336 |a texto  |b txt  |2 rdacontenido 
337 |a sin mediación  |b n  |2 rdamedio 
338 |a volumen  |b nc  |2 rdasoporte 
440 1 |a (Borderlines ;  |v 1) 
649 |a XX 
650 |a Diversidad Cultural -  |x Aspectos Políticos 
650 |a Diferencia y Otredad -  |x Aspectos Políticos 
650 |a Identidad Cultural 
650 |a Igualdad y Desigualdad 
650 |a Tolerancia e Intolerancia 
650 |a Fundamentalismo 
650 |a Cultura Política 
650 |a Democracia -  |x Aspectos Sociales y Culturales 
650 |a Movimientos Sociales 
650 |a Sociología Política 
650 |a Política 
910 |a Fondo General 
920 |a Impresos - Libros 
930 |a Colección General 
905 |a 101 
901 |a 0500068094  |b IT1  |c ACC  |u 20250521 
902 |a https://opac.biblio.iteso.mx/vufind/Record/000139703